Widok standardowy
Widok MARC
Pozycja Corporate Name
Liczba rekordów, w których użyto hasła: 4
001 - Numer kontrolny
- control field: 37673
003 - Identyfikator numeru kontrolnego
- control field: NUKAT
005 - Data i czas ostatniej modyfikacji
- control field: 20260309140642.0
008 - Dane kontrolne kodowane (40 znaków)
- fixed length control field: 140813n||a|znnaabn |a ana |c
010 ## - Numer kontrolny Biblioteki Kongresu
- numer kontrolny LC: n 2014022082
024 7# - OTHER STANDARD IDENTIFIER
- Standard number or code: 306424847
- Source of number or code: viaf
040 ## - Instytucja sporządzająca rekord
- inst. przygot. dane do rek. khw: SIEDL 001/EC
- język haseł przedmiotowych/tezaurus: kaba
- inst. wprow. rek. khw: SIEDL 001/EC
110 2# - Hasło - nazwa ciała zbiorowego
- nazwa ciała zbior. lub geogr. na pocz.: Oficyna Druków Niskonakładowych.
410 2# - Trop zob. - nazwa ciała zbiorowego
- nazwa ciała zbior. lub geogr. na pocz.: ODN.
410 2# - Trop zob. - nazwa ciała zbiorowego
- nazwa ciała zbior. lub geogr. na pocz.: Oficyna Druków Niskonakładowych, Bronisław Sałuda.
410 0# - Trop zob. - nazwa ciała zbiorowego
- nazwa ciała zbior. lub geogr. na pocz.: Sałuda Bronisław, Oficyna Druków Niskonakładowych.
665 ## - Nota historyczna
- nota historyczna: Oficyna Druków Niskonakładowych istnieje od 1992 w Olsztynie.
670 ## - Źródło informacji
- źródło informacji: Humor polityczny : 1989-2014 / zebrał i do dr. podał Bronisław Sałuda. - Olsztyn, 2014.
- gdzie znaleziono informację: S. tyt. (ODN)
670 ## - Źródło informacji
- źródło informacji: Str. intern. Leksykon Kultury Warmii i Mazur, 13.08.2014
- adres internetowy: http://leksykonkultury.ceik.eu/index.php/Oficyna_Druk%C3%B3w_Niskonak%C5%82adowych
670 ## - Źródło informacji
- źródło informacji: BNPol online